[Event "TCh-NED 2005-6"]
[Site "Netherlands NED"]
[Date "2006.04.23"]
[Round "9"]
[White "Broekmeulen,Ja"]
[Black "Vedder,H"]
[Result "1/2-1/2"]
[WhiteElo "2249"]
[BlackElo "2362"]

1.e4 e6 2.d4 d5 3.Nc3 Nf6 4.e5 Nfd7 5.f4 c5 6.Nf3 Nc6 7.Be3 Qb6 8.Na4 Qa5+
9.c3 b6 10.Bd2 c4 11.b4 Qa6 12.Nb2 b5 13.Qb1 Be7 14.Nd1 O-O 15.a4 Qb6 16.a5 Qc7
17.Be2 f6 18.O-O fxe5 19.fxe5 Rf7 20.Nf2 Nf8 21.Qc2 Bd7 22.h4 Ng6 23.h5 Nf4
24.Bxf4 Rxf4 25.Nh3 Rg4 26.Nf2 Rf4 27.Nh3 Rg4 28.Nf2  1/2-1/2

[Event "VII TCh-RUS w"]
[Site "Sochi RUS"]
[Date "2006.04.30"]
[Round "11"]
[White "Kosintseva,N"]
[Black "Severiukhina,Z"]
[Result "1-0"]
[WhiteElo "2469"]
[BlackElo "2189"]

1.e4 e6 2.d4 d5 3.Nc3 Nf6 4.e5 Nfd7 5.f4 c5 6.Nf3 Nc6 7.Be3 a6 8.Qd2 b5 9.a3 Qa5
10.Ra2 Qb6 11.Ne2 b4 12.axb4 Nxb4 13.Ra1 c4 14.g4 Rb8 15.Bg2 Nc6 16.Rb1 Bb4
17.c3 Ba3 18.O-O Bxb2 19.f5 Nf8 20.Ng5 Ne7 21.f6 gxf6 22.Rxf6 Nfg6 23.Nxf7 Rf8
24.Nd6+ Kd7 25.Rxf8 Nxf8 26.Bg5 Nfg6 27.h4 Nc6 28.Kh2 a5 29.Rf1 Ba3 30.Rf7+ Nge7
31.Qf4 Qb2 32.Bxe7 Qxe2 33.Bg5+ Ne7 34.Rxe7+ Kc6 35.Qf3 Qxf3 36.Bxf3 Bb2
37.Nxc8 Rxc8 38.Rxe6+ Kb5 39.Re7 Bxc3 40.Bxd5 Bxd4 41.e6 a4 42.Bc1 Bc5 43.Rb7+ Ka6
44.Rd7 Kb5 45.Rb7+ Ka6 46.Rxh7 Bd6+ 47.Kg2 Kb5 48.Rd7 Bc5 49.e7  1-0

[Event "WSB Masters"]
[Site "Wroclaw POL"]
[Date "2006.05.01"]
[Round "8"]
[White "Maryasin,B"]
[Black "Markosian,D"]
[Result "1/2-1/2"]
[WhiteElo "2371"]
[BlackElo "2397"]

1.e4 e6 2.d4 d5 3.Nc3 Nf6 4.e5 Nfd7 5.Nf3 c5 6.dxc5 Nc6 7.Bf4 Bxc5 8.Bd3 f6
9.exf6 Nxf6 10.O-O O-O 11.Bg3  1/2-1/2

[Event "4th TCh-SCG"]
[Site "Vrnjacka Banja SCG"]
[Date "2006.05.04"]
[Round "4"]
[White "Pikula,D"]
[Black "Simic,Dragi"]
[Result "0-1"]
[WhiteElo "2537"]
[BlackElo "2319"]

1.e4 e6 2.d4 d5 3.Nc3 Nf6 4.e5 Nfd7 5.f4 c5 6.Nf3 Nc6 7.Be3 a6 8.Qd2 b5 9.a3 Qb6
10.Ne2 a5 11.c3 Ba6 12.dxc5 Bxc5 13.Ned4 Nxd4 14.Bxd4 O-O 15.b4 Bxd4 16.Qxd4 Rfc8
17.Kd2 Qc7 18.Bd3 Nb6 19.Rhc1 Nc4+ 20.Ke1 Bb7 21.Kf1 Ra6 22.Qf2 Rca8 23.bxa5 Rxa5
24.Nd4 Qd7 25.Kg1 Rxa3 26.Rxa3 Rxa3 27.f5 Nxe5 28.Bxb5 Qd6 29.fxe6 fxe6 30.Qe2 Bc8
31.Be8 Ba6 32.Qh5 g6 33.Qh3 Nd3 34.Bf7+ Kxf7 35.Qxh7+ Ke8 36.Qxg6+ Kd7 37.Rd1 Qe7
38.Qh5 Rxc3 39.h3 Rc1 40.Rxc1 Nxc1 41.Qd1 Qc5 42.Kh1 Nd3 43.Qa4+ Ke7 44.Nc6+ Kd6
45.Qxa6 Nf2+ 46.Kg1 Ne4+ 47.Nd4+ Ke5 48.Qxe6+ Kxd4 49.Qf7 Kd3+ 50.Kh2 Qd6+
51.Kg1 Qe5 52.h4 Ng3 53.Qg6+ Kd2 54.Qa6 Qe1+ 55.Kh2 Nf1+ 56.Kg1 Ne3+ 57.Kh2 Qxh4+
58.Kg1 Qe1+ 59.Kh2 Ng4+ 60.Kh3 Nf2+ 61.Kh2 Qh1+ 62.Kg3 Ne4+ 63.Kf3 Qh5+ 64.g4 Qf7+  0-1

[Event "President's Cup"]
[Site "Baku AZE"]
[Date "2006.05.05"]
[Round "2"]
[White "Davidov,S"]
[Black "Allahverdiev,A"]
[Result "1-0"]
[WhiteElo "2216"]
[BlackElo "2434"]

1.e4 e6 2.d4 d5 3.Nc3 Nf6 4.e5 Nfd7 5.f4 c5 6.Nf3 Nc6 7.Be3 Qb6 8.Na4 Qa5+
9.c3 c4 10.b4 Qc7 11.g4 f6 12.Bh3 b5 13.Nc5 Nxc5 14.bxc5 Be7 15.O-O f5 16.gxf5 exf5
17.Qb1 Rb8 18.Bxf5 g6 19.Bxg6+ hxg6 20.Qxg6+ Kd8 21.f5 Qd7 22.Ng5 Kc7 23.Nf7 Rf8
24.e6 Qe8 25.Qh7 Bd7 26.Bf4+ Kc8 27.Rae1 Rb7 28.f6 Bxe6 29.Rxe6 Rxf7 30.Qh3 Kd8
31.fxe7+ Nxe7 32.c6 Qg8+ 33.Kh1 Rc7 34.Bxc7+ Kxc7 35.Ref6  1-0

[Event "ch-UKR sf"]
[Site "Alushta UKR"]
[Date "2006.05.15"]
[Round "3"]
[White "Dobronovsky,R"]
[Black "Shulga,J"]
[Result "0-1"]
[WhiteElo "2135"]
[BlackElo "2293"]

1.e4 e6 2.d4 d5 3.Nc3 Nf6 4.e5 Nfd7 5.f4 c5 6.Nf3 Nc6 7.Be3 Qb6 8.Na4 Qa5+
9.c3 cxd4 10.b4 Qc7 11.Nxd4 Nxd4 12.Bxd4 Nb8 13.a3 Nc6 14.Be3 b6 15.Bd3 Bd7
16.O-O g6 17.Rc1 Bh6 18.Rf3 O-O 19.g4 f6 20.b5 fxe5 21.bxc6 Bxc6 22.Rh3 exf4
23.Rxh6 fxe3 24.Bxg6 Qf4 25.Bxh7+ Kf7 26.Qf1 Qf2+ 27.Qxf2+ exf2+ 28.Kf1 Bxa4
29.Rh3 Rh8 30.c4 Rac8 31.g5 Kg7 32.g6 Rhf8  0-1

[Event "3rd All-China Games"]
[Site "Suzhou CHN"]
[Date "2006.05.21"]
[Round "3"]
[White "Li Chao2"]
[Black "Yu Shaoteng"]
[Result "0-1"]
[WhiteElo "2458"]
[BlackElo "2542"]

1.e4 e6 2.d4 d5 3.Nc3 Nf6 4.e5 Nfd7 5.f4 c5 6.Nf3 Nc6 7.Be3 Be7 8.Qd2 O-O
9.dxc5 Bxc5 10.Bxc5 Nxc5 11.O-O-O Qa5 12.Kb1 Rd8 13.Bb5 Bd7 14.Qf2 a6 15.Bxc6 bxc6
16.Nd4 Rab8 17.Nb3 Nxb3 18.cxb3 c5 19.f5 d4 20.f6 dxc3 21.Qg3 g6 22.Qe3 c2+
23.Kxc2 c4 24.a3 Rxb3 25.Qh6 Rxb2+ 26.Kxb2 Qxe5+ 27.Ka2 Qxf6 28.Qe3 Ba4 29.Rxd8+ Qxd8
30.Rf1 Qd3 31.Qf3 f5 32.Rf2 Bb3+ 33.Kb2 Qd4+ 34.Kb1 c3  0-1

[Event "21st Schachtage"]
[Site "Hassloch GER"]
[Date "2006.06.02"]
[Round "1"]
[White "Steinkohl,T"]
[Black "Kopf,R"]
[Result "1-0"]
[WhiteElo "2243"]
[BlackElo "2056"]

1.e4 e6 2.d4 d5 3.Nc3 Nf6 4.e5 Nfd7 5.f4 c5 6.Nf3 Nc6 7.Be3 cxd4 8.Nxd4 Bc5
9.Qd2 Bxd4 10.Bxd4 Nxd4 11.Qxd4 Qb6 12.Qxb6 Nxb6 13.Nb5 Ke7 14.O-O-O Bd7
15.Nd4 Rac8 16.b3 f6 17.Re1 f5 18.Bd3 Bc6 19.g4 g6 20.Reg1 fxg4 21.Rxg4 Nd7
22.b4 a6 23.h4 Rcg8 24.Bxa6 Ra8 25.Bf1 Rxa2 26.b5  1-0

[Event "21st Schachtage"]
[Site "Hassloch GER"]
[Date "2006.06.04"]
[Round "4"]
[White "Ollenberger,R"]
[Black "Busch,L"]
[Result "1/2-1/2"]
[WhiteElo "2119"]
[BlackElo "2225"]

1.e4 e6 2.d4 d5 3.Nc3 Nf6 4.e5 Nfd7 5.f4 c5 6.Nf3 Nc6 7.Be3 cxd4 8.Nxd4 Bc5
9.Qd2 a6 10.O-O-O Bxd4 11.Bxd4 Nxd4 12.Qxd4 b5 13.Bd3 Qb6 14.Ne2 Qxd4 15.Nxd4 Nc5
16.Rhe1 Bd7 17.g4 h5 18.g5 g6 19.Nb3 Nb7 20.Bf1 b4 21.Kb1 Ke7 22.Nd4 Rhc8
23.Re3 Nc5 24.a3 a5 25.Nb3 Nxb3 26.cxb3 Rc5 27.Rc1 Rac8 28.Ree1 Kd8 29.Rxc5 Rxc5
30.Rc1 Rxc1+ 31.Kxc1 Kc7 32.Kd2 Kb6 33.Ke3 Kc5 34.Be2 Bc6 35.Bd3 a4 36.Bc2 axb3
37.Bxb3 Bb5 38.Bc2 Bc4 39.Bd1 bxa3 40.bxa3 Bb5 41.Bc2  1/2-1/2

[Event "28th Nezhmetdinov mem"]
[Site "Kazan RUS"]
[Date "2006.06.05"]
[Round "5"]
[White "Kalegin,E"]
[Black "Gleizerov,E"]
[Result "1/2-1/2"]
[WhiteElo "2458"]
[BlackElo "2562"]

1.e4 e6 2.d4 d5 3.Nc3 Nf6 4.e5 Nfd7 5.f4 c5 6.Nf3 Qb6 7.Be3 a6 8.Rb1 Nc6
9.Qd2 Qa7 10.Ne2 b5 11.c3 b4 12.Ng3 bxc3  1/2-1/2

[Event "TCh-NOR"]
[Site "Oslo NOR"]
[Date "2006.06.07"]
[Round "1"]
[White "Gabrielsen,S"]
[Black "David,Ed"]
[Result "1/2-1/2"]
[WhiteElo "2288"]
[BlackElo "2192"]

1.e4 e6 2.d4 d5 3.Nc3 Nf6 4.e5 Nfd7 5.f4 c5 6.Nf3 Nc6 7.Be3 Rb8 8.Qd2 Qa5
9.Be2 b5 10.O-O b4 11.Nd1 cxd4 12.Nxd4 Nxd4 13.Bxd4 Bc5 14.Kh1 Ba6 15.Bxa6 Qxa6
16.Ne3 Bxd4 17.Qxd4 Qb6 18.Qd2 Qc7 19.a3 bxa3 20.Rxa3 Rxb2  1/2-1/2

[Event "TCh-NOR Open"]
[Site "Oslo NOR"]
[Date "2006.06.08"]
[Round "2"]
[White "Gabrielsen,T"]
[Black "Fossum,Oy"]
[Result "1-0"]
[WhiteElo "2281"]
[BlackElo "2217"]

1.e4 e6 2.d4 d5 3.Nc3 Nf6 4.e5 Nfd7 5.f4 c5 6.Nf3 Nc6 7.Be3 a6 8.Qd2 b5 9.a3 Qb6
10.Ne2 Bb7 11.dxc5 Bxc5 12.Ned4 Nxd4 13.Nxd4 Qc7 14.Bd3 O-O 15.O-O Rfe8 16.Qf2 Bf8
17.b4 g6 18.Rae1 Bg7 19.Nf3 Bc6 20.Bd4 Rab8 21.Ng5 Nb6 22.h4 Nc4 23.h5 Bh6
24.Qh4 Kg7 25.Rf3 Qd8 26.Rg3 Rh8 27.f5 exf5 28.e6+ f6 29.Nf7 Qe7 30.Nxh6 Nd6
31.Nxf5+ Nxf5 32.Bxf5 Be8 33.Bxf6+ Qxf6 34.h6+  1-0

[Event "FSIM June"]
[Site "Budapest HUN"]
[Date "2006.06.13"]
[Round "9"]
[White "Farago,S"]
[Black "Kayar,E"]
[Result "1-0"]
[WhiteElo "2262"]
[BlackElo "2191"]

1.e4 e6 2.d4 d5 3.Nc3 Nf6 4.e5 Nfd7 5.Nce2 c5 6.c3 Nc6 7.f4 b5 8.a3 cxd4
9.cxd4 b4 10.a4 Qa5 11.b3 Ba6 12.Nf3 Be7 13.h4 h5 14.Be3 O-O-O 15.f5 Qb6
16.fxe6 Ndxe5 17.Nxe5 Nxe5 18.a5 Qxe6 19.dxe5 Qxe5 20.Rc1+ Kd7 21.Qd4 Qxd4
22.Nxd4 Bxf1 23.Kxf1 Rc8 24.Ke2 a6 25.Kd3 Rxc1 26.Bxc1 Bd8 27.Rf1 Rf8 28.Rf5 Bxh4
29.Rxd5+ Kc8 30.Rxh5 Bf6 31.Nc6 Bc3 32.Bd2  1-0

[Event "Open A"]
[Site "Voronezh RUS"]
[Date "2006.06.18"]
[Round "6"]
[White "Novikov,St"]
[Black "Provotorov,I"]
[Result "1-0"]
[WhiteElo "2545"]
[BlackElo "2333"]

1.e4 e6 2.d4 d5 3.Nc3 Nf6 4.e5 Nfd7 5.f4 c5 6.Nf3 Nc6 7.Be3 cxd4 8.Nxd4 Bc5
9.Qd2 a6 10.O-O-O O-O 11.Nb3 Bb4 12.Bd3 b5 13.g4 Bb7 14.Rhg1 Na5 15.Bd4 Rc8
16.Rg3 Nxb3+ 17.axb3 Bc5 18.Rh3 h6 19.Ne2 Bxd4 20.Nxd4 Nc5 21.g5 Ne4 22.Qg2 Qe7
23.Rxh6 gxh6 24.gxh6+ Ng5 25.fxg5 Kh8 26.h4 Rg8 27.Rf1 Qc7 28.Qe2 Qe7 29.Rf6 Bc6
30.Qf2 Be8 31.h7  1-0

[Event "Open A"]
[Site "Voronezh RUS"]
[Date "2006.06.19"]
[Round "7"]
[White "Morozov,E"]
[Black "Eraschenkov,D"]
[Result "1/2-1/2"]
[WhiteElo "2267"]
[BlackElo "2385"]

1.e4 e6 2.d4 d5 3.Nc3 Nf6 4.e5 Nfd7 5.f4 c5 6.Nf3 Nc6 7.Be3 a6 8.Qd2 b5 9.a3 Qa5
10.dxc5 Bxc5 11.Bxc5 Nxc5 12.Nd4 Qb6 13.Nxc6 Qxc6 14.b4 Ne4 15.Nxe4 dxe4
16.Rc1 Qb6 17.c4 bxc4 18.Rxc4 Bb7 19.Qd4 Qxd4 20.Rxd4 Ke7 21.Bc4 Rhd8 22.Rxd8 Rxd8
23.Ke2 Rc8 24.Bb3 Rc3 25.Rb1 h5 26.Rb2 Bc6 27.a4 Kd7 28.Kd2 Rd3+ 29.Ke2 Kc7
30.Bc4 Rc3 31.Bxa6 Bxa4 32.Kd2 Ra3 33.Bc4 Bc6 34.Ra2 e3+ 35.Ke2 Rc3 36.Bd3 Kb6
37.Kxe3 Rb3 38.g3 Rxb4 39.Ra1 Rb3  1/2-1/2

[Event "Open A"]
[Site "Voronezh RUS"]
[Date "2006.06.19"]
[Round "7"]
[White "Chebotarev,O"]
[Black "Savosto,P"]
[Result "1-0"]
[WhiteElo "2493"]
[BlackElo "2286"]

1.e4 e6 2.d4 d5 3.Nc3 Nf6 4.e5 Nfd7 5.f4 c5 6.Nf3 Nc6 7.Be3 Qb6 8.a3 c4 9.Qc1 Ne7
10.g3 Nf5 11.Bf2 h5 12.Bg2 Qa5 13.h3 b5 14.O-O Bb7 15.g4 Nh6 16.f5 O-O-O
17.fxe6 fxe6 18.Qg5 hxg4 19.hxg4 Qb6 20.b3 Re8 21.bxc4 dxc4 22.Rab1 a6 23.a4 b4
24.Qg6 Qd8 25.Ne4 Nb6 26.Nc5 Bxc5 27.dxc5 Nd5 28.Nd4 a5 29.c6 Ba8 30.Nxe6 Nc3
31.Rbe1 Qe7 32.Nd4 Qf7 33.Qd6 Nxg4 34.Bg3 Qa7 35.e6 Rd8 36.Qd7+ Rxd7 37.cxd7+ Kd8
38.e7+ Kxd7 39.e8=Q+ Rxe8 40.Rf7+  1-0

[Event "II Perla Baltyku"]
[Site "Mielno POL"]
[Date "2006.06.20"]
[Round "1"]
[White "Gosciniak,M"]
[Black "Szymanski,A2"]
[Result "0-1"]
[WhiteElo "2034"]
[BlackElo "2255"]

1.e4 e6 2.d4 d5 3.Nc3 Nf6 4.e5 Nfd7 5.f4 c5 6.Nf3 Nc6 7.Be3 cxd4 8.Nxd4 Bc5
9.Bb5 Qc7 10.O-O a6 11.Bxc6 bxc6 12.Nce2 Rb8 13.b3 Be7 14.c3 c5 15.Nf3 a5
16.Qc2 Ba6 17.Rfd1 O-O 18.Ng3 g6 19.Nd2 f6 20.exf6 Nxf6 21.Nf3 Ng4 22.Bc1 Bd6
23.Ng5 Rbe8 24.Nh3 e5 25.f5 e4 26.fxg6 Bxg3 27.gxh7+ Kh8 28.c4 Bf2+ 29.Kf1 Bd4+
30.Ke1 Bxa1 31.Rxd5 Qg7  0-1

[Event "Open A"]
[Site "Voronezh RUS"]
[Date "2006.06.20"]
[Round "8"]
[White "Shaposhnikov,E"]
[Black "Gleizerov,E"]
[Result "1/2-1/2"]
[WhiteElo "2538"]
[BlackElo "2562"]

1.e4 e6 2.d4 d5 3.Nc3 Nf6 4.e5 Nfd7 5.f4 c5 6.Nf3 Qb6 7.a3 a6 8.Be3 Nc6 9.g3 cxd4
10.Nxd4 Bc5 11.Na4 Qa5+ 12.Nc3 Qb6 13.Na4 Qa5+  1/2-1/2

[Event "Open A"]
[Site "Voronezh RUS"]
[Date "2006.06.21"]
[Round "9"]
[White "Benza,A"]
[Black "Eraschenkov,D"]
[Result "0-1"]
[WhiteElo "2278"]
[BlackElo "2385"]

1.e4 e6 2.d4 d5 3.Nc3 Nf6 4.e5 Nfd7 5.f4 c5 6.Nf3 Nc6 7.Be3 a6 8.Qd2 b5 9.a3 Qb6
10.Ne2 f6 11.exf6 Nxf6 12.dxc5 Bxc5 13.Bxc5 Qxc5 14.Ng3 O-O 15.Bd3 Ng4 16.h3 Ne3
17.Nf1 Nc4 18.Bxc4 Qxc4 19.g3 d4 20.Qd3 Qd5 21.Ng5 Rf5 22.Ne4 Bb7 23.Nfd2 Na5
24.b3 Rc8 25.O-O-O Nxb3+ 26.Qxb3 Qxb3 27.Nxb3 Bxe4 28.Nxd4 Bxh1 29.Nxf5 exf5
30.Rxh1 Rc3 31.g4 Rxa3 32.gxf5  0-1

[Event "II Perla Baltyku"]
[Site "Mielno POL"]
[Date "2006.06.29"]
[Round "10"]
[White "Gosciniak,M"]
[Black "Demidov,M"]
[Result "1-0"]
[WhiteElo "2034"]
[BlackElo "2213"]

1.e4 e6 2.d4 d5 3.Nc3 Nf6 4.e5 Nfd7 5.f4 c5 6.Nf3 Nc6 7.Be3 a6 8.Qd2 b5 9.dxc5 Bxc5
10.Bxc5 Nxc5 11.a3 Qb6 12.Bd3 Bb7 13.Qf2 h6 14.O-O O-O 15.Ne2 f6 16.exf6 Rxf6
17.Qe3 Raf8 18.Rae1 Bc8 19.Ne5 Nxe5 20.fxe5 Rxf1+ 21.Rxf1 Rxf1+ 22.Kxf1 Nd7
23.Nd4 Nf8 24.Nf3 Qc7 25.c3 Bd7 26.Kg1 Be8 27.Nh4 Nd7 28.Bg6 Bxg6 29.Nxg6 Qc5
30.Qd4 Qc4 31.h3 Kf7 32.Nf4 Nc5 33.Qf2 Ke8 34.Nh5 Nd7 35.Nxg7+ Ke7 36.Nh5 Qe4
37.Nf4 Nxe5 38.Qh4+ Kd6 39.Qxh6 Nc4 40.Qf8+ Ke5 41.Nh5 Qe3+ 42.Kh2 Qg5 43.Qb8+ Ke4
44.Ng3+ Kd3 45.Qa7 Nxb2 46.Qxa6 Kxc3 47.Qxb5 Qe3 48.a4 d4 49.Qc5+ Nc4 50.a5 d3
51.Qxe3 Nxe3 52.a6 Nd5 53.a7 Nb6 54.h4 Kd4 55.Nf1 Ke4 56.Kg3 e5 57.Kg4 Kd4
58.h5 e4 59.h6 e3 60.h7 d2 61.h8=Q+ Kd3 62.Qd8+ Ke2 63.Qxb6 d1=Q 64.Qxe3+ Kxf1+
65.Qf3+ Kg1 66.Qxd1+ Kh2 67.Qd6+  1-0

[Event "Open"]
[Site "Marseille FRA"]
[Date "2006.07.01"]
[Round "2"]
[White "Konguvel,P"]
[Black "Malakhatko,V"]
[Result "0-1"]
[WhiteElo "2403"]
[BlackElo "2559"]

1.e4 e6 2.d4 d5 3.Nc3 Nf6 4.e5 Nfd7 5.f4 c5 6.Nf3 Nc6 7.Be3 a6 8.Qd2 b5 9.a3 Qa5
10.Rb1 b4 11.axb4 Qxb4 12.Be2 cxd4 13.Nxd4 Nxd4 14.Qxd4 Rb8 15.Kf2 Qxd4 16.Bxd4 Rb4
17.Rhd1 g5 18.g3 gxf4 19.gxf4 Nb8 20.Bf3 Nc6 21.Ne2 Nxd4 22.Nxd4 Bh6 23.c3 Rb6
24.Ke3 O-O 25.Rg1+ Kh8 26.Rg4 f6 27.Kd3 fxe5 28.fxe5 Bf4 29.Rxf4 Rxf4 30.b4 Rh4
31.Rb2 Bd7 32.Ke3 Rb8 33.Ra2 Rc8 34.Rxa6 Rxc3+ 35.Kd2 Rc8 36.Ke3 Rc3+ 37.Kd2 Rc8
38.Ke3 Rxh2 39.Rd6 Rc3+ 40.Kf4 Rh4+ 41.Kg3 Rxd4 42.Rxd7 Rxb4  0-1

[Event "35th TCh-GRE"]
[Site "Ermioni GRE"]
[Date "2006.07.07"]
[Round "5"]
[White "Gosciniak,M"]
[Black "Valsamidou,D"]
[Result "1-0"]
[WhiteElo "2037"]
[BlackElo "1872"]

1.e4 e6 2.d4 d5 3.Nc3 Nf6 4.e5 Nfd7 5.f4 c5 6.Nf3 Nc6 7.Be3 Qb6 8.Na4 Qa5+
9.c3 cxd4 10.b4 Qc7 11.Nxd4 Nxd4 12.Bxd4 Be7 13.Bd3 a6 14.O-O b5 15.Nb2 Nb6
16.f5 Nc4 17.Nxc4 dxc4 18.Be4 Rb8 19.a4 exf5 20.Bxf5 Bxf5 21.Rxf5 Qc6 22.axb5 axb5
23.Ra7 Qe6 24.Rf2 O-O 25.Rfa2 h6 26.R2a6 Qc8 27.Qf3 Qd8 28.Qg4 Bg5 29.e6 f6
30.e7 Qe8 31.exf8=Q+ Kxf8 32.Qe6 Qxe6 33.Rxe6 Bf4 34.Ree7 g5 35.Rh7 Kg8 36.Rag7+ Kf8
37.Bc5+ Ke8 38.Rg8+  1-0

[Event "3rd South Wales Int"]
[Site "Caerleon WLS"]
[Date "2006.07.09"]
[Round "3"]
[White "Klein,Fe"]
[Black "Gosling,B"]
[Result "1-0"]
[WhiteElo "2205"]
[BlackElo "2036"]

1.e4 e6 2.d4 d5 3.Nc3 Nf6 4.e5 Ne4 5.Nxe4 dxe4 6.Bc4 c5 7.d5 exd5 8.Bxd5 Nc6
9.Bxc6+ bxc6 10.Qxd8+ Kxd8 11.Ne2 f5 12.exf6 gxf6 13.Bf4 Ke7 14.O-O-O Ke6
15.Ng3 f5 16.Rd8 Bg7 17.Rd6+ Ke7 18.Rxc6 Be6 19.Rc7+ Kf8 20.Nh5 Bd4 21.c3 Rc8
22.Bh6+ Ke8 23.Rxc8+ Bxc8 24.cxd4 Kf7 25.Be3 cxd4 26.Bxd4 Rd8 27.Rd1 Ba6
28.Nf4  1-0

[Event "3rd South Wales Int"]
[Site "Caerleon WLS"]
[Date "2006.07.09"]
[Round "3"]
[White "Pavlovic,Milo"]
[Black "Cobb,C"]
[Result "0-1"]
[WhiteElo "2497"]
[BlackElo "2403"]

1.e4 e6 2.d4 d5 3.Nc3 Nf6 4.e5 Nfd7 5.f4 c5 6.Nf3 Nc6 7.Be3 cxd4 8.Nxd4 Bc5
9.Qd2 Bxd4 10.Bxd4 Nxd4 11.Qxd4 Qb6 12.Qd2 Qxb2 13.Rb1 Qa3 14.Nb5 Qxa2 15.Nd6+ Ke7
16.Rc1 Qb2 17.Be2 g5 18.O-O gxf4 19.Rxf4 Qb6+ 20.Kh1 Nxe5 21.Nxf7 Nxf7 22.Rxf7+ Kxf7
23.Qg5 Ke8 24.c4 Qb2 25.cxd5 Qxe2 26.d6 Kf8 27.h3 Bd7 28.Qf6+ Kg8 29.Rc3 Qd1+
30.Kh2 Qxd6+ 31.Rg3+ Qxg3+ 32.Kxg3 Rf8 33.Qe7 Rf7 34.Qd8+ Kg7 35.Qg5+ Kf8
36.Qd8+ Be8 37.Qd6+ Re7  0-1

[Event "SCCF State Championship"]
[Site "Los Angeles USA"]
[Date "2006.07.09"]
[Round "3"]
[White "Peters,Joh"]
[Black "Sevillano,E"]
[Result "0-1"]
[WhiteElo "2440"]
[BlackElo "2481"]

1.e4 e6 2.d4 d5 3.Nc3 Nf6 4.e5 Nfd7 5.f4 c5 6.Nf3 Nc6 7.Be3 a6 8.Qd2 b5 9.g3 b4
10.Ne2 a5 11.Bg2 g6 12.g4 Ba6 13.Ng3 cxd4 14.Nxd4 Nxd4 15.Bxd4 Bc5 16.Bxc5 Nxc5
17.h4 Qc7 18.Qd4 Rc8 19.Bf1 Bxf1 20.Rxf1 Na4 21.b3 Nc3 22.Qd3 O-O 23.g5 Ne4
24.Nxe4 dxe4 25.Qxe4 Qc3+ 26.Ke2 Rfd8 27.Rad1 Qxc2+ 28.Qxc2 Rxc2+ 29.Kf3 Rxd1
30.Rxd1 Rxa2 31.Rd8+ Kg7 32.Ra8 Ra3 33.Kg2 h5 34.Kf2 Rxb3 35.Rxa5 Rb1 36.Ra8 b3
37.Rb8 b2 38.Kg2 Kh7 39.Rb7 Kg8 40.Rb8+ Kg7 41.Kh2 Rf1 42.Rxb2 Rxf4 43.Kg3 Rg4+
44.Kh3 Re4 45.Rb5 Rd4 46.Rb3 Kf8 47.Rb8+ Ke7 48.Rb7+ Rd7 49.Rb4 Kd8 50.Rb8+ Kc7
51.Rb3 Kc6 52.Rc3+ Kb5 53.Kg3 Kb4 54.Rc1 Rd3+ 55.Kg2 Rd4 56.Kg3 Rg4+ 57.Kh3 Rf4
58.Kg3 Rf5 59.Rc7 Kb5  0-1

[Event "3rd South Wales Int"]
[Site "Caerleon WLS"]
[Date "2006.07.11"]
[Round "6"]
[White "Klein,Fe"]
[Black "Eggleston,D"]
[Result "1/2-1/2"]
[WhiteElo "2205"]
[BlackElo "2232"]

1.e4 e6 2.d4 d5 3.Nc3 Nf6 4.e5 Nfd7 5.f4 c5 6.Nf3 Nc6 7.Be3 cxd4 8.Nxd4 Bc5
9.Qd2 a6 10.O-O-O Qc7 11.Qf2 Nxd4 12.Bxd4 b5 13.Bd3 b4 14.Ne2 a5 15.Kb1 Ba6
16.h4 a4 17.Bxa6 Rxa6 18.Rh3 O-O 19.h5 a3 20.b3 Bxd4 21.Qxd4 Rb8 22.h6 g6
23.c3 bxc3 24.Rxc3 Rc6 25.Rxc6 Qxc6 26.Rc1 Qa6 27.Qd2 Qb6 28.Nd4 Qa6 29.Qc3 Nb6
30.f5 Nd7 31.fxe6 fxe6 32.Qh3 Re8 33.Qe3 Rf8 34.Nf3 Qb7 35.Qd4 Qb8 36.Ka1 Rc8
37.Rxc8+ Qxc8 38.Kb1 Qf8 39.Qg4 Qf7 40.Qg5 Qf8 41.Qg4 Qf7  1/2-1/2

[Event "21st North Sea Cup"]
[Site "Esbjerg DEN"]
[Date "2006.07.11"]
[Round "5"]
[White "Kragh,N"]
[Black "Jakobsen,J"]
[Result "0-1"]
[WhiteElo "2103"]
[BlackElo "1928"]

1.e4 e6 2.d4 d5 3.Nc3 Nf6 4.e5 Nfd7 5.f4 c5 6.Nf3 Nc6 7.Be3 cxd4 8.Nxd4 Nxd4
9.Bxd4 a6 10.Bd3 Bc5 11.Bxc5 Nxc5 12.Qd2 Qc7 13.O-O Bd7 14.Kh1 g6 15.Qf2 Nxd3
16.cxd3 Bc6 17.Qd4 Qe7 18.Nd1 O-O 19.Ne3 f5 20.g4 Rac8 21.gxf5 gxf5 22.Rg1+ Kh8
23.Rg3 Be8 24.Rag1 Qc5 25.Qxc5 Rxc5 26.Rg7 d4  0-1

[Event "3rd South Wales Int"]
[Site "Caerleon WLS"]
[Date "2006.07.12"]
[Round "7"]
[White "Varley,P"]
[Black "Eggleston,T"]
[Result "1-0"]
[WhiteElo "2228"]
[BlackElo "2168"]

1.d4 e6 2.e4 d5 3.Nc3 Nf6 4.e5 Nfd7 5.f4 c5 6.Nf3 Nc6 7.Be3 cxd4 8.Nxd4 Bc5
9.Qd2 a6 10.h4 Nxd4 11.Bxd4 Qc7 12.g3 b5 13.Rh2 O-O 14.Ne2 a5 15.Bxc5 Nxc5
16.Nd4 Ne4 17.Qe3 b4 18.Bd3 a4 19.Bxe4 dxe4 20.a3 Qc5 21.axb4 Qxb4+ 22.c3 Qc5
23.b4 Qc4 24.Rha2 Bd7 25.Ra3 Bc6 26.Qe2 Qd5 27.b5 Bb7 28.Rxa4 Qc5 29.Qe3 Rac8
30.c4 Rfd8 31.Rd1 f6 32.exf6 gxf6 33.Nc2 Rxd1+ 34.Kxd1 Rd8+ 35.Ke1 Qd6 36.Qe2 Qc5
37.Ne3 Rd3 38.Kf2 e5 39.Ra2 f5 40.fxe5 Qxe5 41.Qh5 Qd4 42.Re2 Rd2 43.Rxd2 Qxd2+
44.Qe2 Qd4 45.Kg2 Bc8 46.Qf2 Be6 47.Qf4 Qd2+ 48.Qf2 Qd4 49.Qe2 Kg7 50.Kf2 Kg6
51.Ke1 Qd6 52.Kf2 f4 53.gxf4 Qxf4+ 54.Ke1 Qxh4+ 55.Kd2 Qd8+ 56.Kc2 Qd4 57.Qg2+ Kf7
58.Qf2+ Kg8 59.Qg3+ Kf7 60.Qf4+ Kg6 61.Kb3 Qd3+ 62.Kb4 Qd2+ 63.Kc5 Qd3 64.Qg3+ Kf7
65.Qc7+ Kg6 66.Nd5 Qa3+ 67.Kb6 Bxd5 68.cxd5 e3 69.Qg3+ Kf5 70.d6 Qd3 71.d7 e2
72.Qxd3+  1-0

[Event "Open A"]
[Site "Oberwart AUT"]
[Date "2006.07.12"]
[Round "5"]
[White "Ragger,M"]
[Black "Erdos,V"]
[Result "1/2-1/2"]
[WhiteElo "2456"]
[BlackElo "2528"]

1.e4 e6 2.d4 d5 3.Nc3 Nf6 4.e5 Nfd7 5.f4 c5 6.Nf3 Nc6 7.Be3 cxd4 8.Nxd4 Bc5
9.Qd2 O-O 10.O-O-O a6 11.Nb3 Be7 12.h4 b5 13.h5 b4 14.Na4 Na5 15.Nd4 Bb7
16.Kb1 Qc7 17.b3 Nc6 18.Qf2  1/2-1/2

[Event "6th TCh-Euro u18"]
[Site "Balatonlelle HUN"]
[Date "2006.07.13"]
[Round "2"]
[White "Sarenac,D"]
[Black "Jarvinen,R"]
[Result "1-0"]
[WhiteElo "2203"]
[BlackElo "1983"]

1.e4 e6 2.d4 d5 3.Nc3 Nf6 4.e5 Nfd7 5.f4 c5 6.Nf3 Nc6 7.Be3 cxd4 8.Nxd4 Bc5
9.Qd2 Bxd4 10.Bxd4 Nxd4 11.Qxd4 Qb6 12.Nb5 Qxd4 13.Nxd4 Nc5 14.O-O-O Bd7
15.Be2 h5 16.g3 g6 17.Bd3 Rc8 18.Kd2 Ke7 19.h3 Bc6 20.Ke3 Nd7 21.g4 g5 22.Rdg1 Rcg8
23.c3 Rh6 24.Nf3 gxf4+ 25.Kxf4 f6 26.g5 fxg5+ 27.Rxg5 Rf8+ 28.Kg3 Nc5 29.Rd1 Rf7
30.Nd4 Rh8 31.h4 Be8 32.b4 Na4 33.Rc1 Nb2 34.Be2 Rff8 35.c4 dxc4 36.Bxc4 Bd7
37.Bxe6 Bxe6 38.Rc7+ Bd7 39.Rg7+ Rf7 40.Rxf7+ Kxf7 41.Rxd7+ Ke8 42.Rxb7 Rg8+
43.Kf3 Rg4 44.Nf5 Nd3 45.Nd6+ Kd8 46.e6 Nxb4 47.e7+  1-0

[Event "Inautomarket Open"]
[Site "Minsk BLR"]
[Date "2006.07.15"]
[Round "6"]
[White "Firman,N"]
[Black "Podolchenko,E"]
[Result "1/2-1/2"]
[WhiteElo "2499"]
[BlackElo "2270"]

1.e4 e6 2.d4 d5 3.Nc3 Nf6 4.e5 Nfd7 5.f4 c5 6.Nce2 Nc6 7.Nf3 Be7 8.c3 cxd4
9.cxd4 Qb6 10.h4 f6 11.a3 O-O 12.b4 a5 13.b5 Qxb5 14.Nc3 Qb6 15.Rb1 Qd8 16.Bd3 h6
17.Bc2 b6 18.Qd3 f5 19.g4 Ba6 20.Nb5 Na7 21.a4 Nc6 22.Bd2 Nb4 23.Bxb4 Bxb4+
24.Kd1 Rc8 25.Rb3 Bxb5 26.axb5 Qe7 27.gxf5 Rxf5 28.Ng5 g6 29.h5 a4 30.Rxb4 Qxb4
31.Nxe6 a3 32.Rg1 a2 33.Rxg6+ Kh7  1/2-1/2

[Event "Open A"]
[Site "Oberwart AUT"]
[Date "2006.07.15"]
[Round "8"]
[White "Ragger,M"]
[Black "Luther,T"]
[Result "1/2-1/2"]
[WhiteElo "2456"]
[BlackElo "2589"]

1.e4 e6 2.d4 d5 3.Nc3 Nf6 4.e5 Nfd7 5.f4 c5 6.Nf3 Nc6 7.Be3 cxd4 8.Nxd4 Bc5
9.Qd2 O-O 10.O-O-O a6 11.Nb3 Bb4 12.Bd3 b6 13.Qf2 d4 14.Nxd4  1/2-1/2

[Event "XXIV Andorra Open"]
[Site "Andorra la Vella AND"]
[Date "2006.07.16"]
[Round "9"]
[White "Konguvel,P"]
[Black "Oms Pallise,J"]
[Result "0-1"]
[WhiteElo "2404"]
[BlackElo "2511"]

1.e4 e6 2.d4 d5 3.Nc3 Nf6 4.e5 Nfd7 5.f4 c5 6.Nf3 Nc6 7.Be3 cxd4 8.Nxd4 Bc5
9.Qd2 a6 10.O-O-O O-O 11.Qf2 Bxd4 12.Bxd4 b5 13.Bd3 b4 14.Na4 Nxd4 15.Qxd4 a5
16.f5 Ba6 17.Kb1 Qc7 18.Rhe1 Rfc8 19.Rc1 Nc5 20.Nxc5 Qxc5 21.Qg4 Rc6 22.f6 g6
23.h4 Rac8 24.Bxa6 Rxa6 25.h5 Qf8 26.hxg6 fxg6 27.Rh1 Rc4 28.Qg5 Ra7 29.Rh6 Qe8
30.Rch1 Rc8 31.Qh4  0-1

[Event "Inautomarket Open"]
[Site "Minsk BLR"]
[Date "2006.07.17"]
[Round "8"]
[White "Fedorov,Alex"]
[Black "Podolchenko,E"]
[Result "1-0"]
[WhiteElo "2617"]
[BlackElo "2270"]

1.e4 e6 2.d4 d5 3.Nc3 Nf6 4.e5 Nfd7 5.f4 c5 6.Nf3 Nc6 7.Be3 a6 8.Qd2 b5 9.a3 g5
10.Ne2 g4 11.Nfg1 h5 12.h3 Rg8 13.hxg4 hxg4 14.dxc5 Bxc5 15.Nd4 Nxd4 16.Bxd4 Qb6
17.Ne2 Bb7 18.Rh7 Bxd4 19.Nxd4 Nc5 20.Qb4 Bc6 21.Bd3 a5 22.Qd2 Bd7 23.Ke2 Rc8
24.Rah1 Nxd3 25.Qxd3 Rc4 26.Rh8 Rxh8 27.Rxh8+ Ke7 28.Qh7 Be8 29.Qg8 Rc8 30.f5  1-0

[Event "ch-SUI"]
[Site "Lenzerheide SUI"]
[Date "2006.07.18"]
[Round "6"]
[White "Gallagher,Jo"]
[Black "Korchnoi,V"]
[Result "1-0"]
[WhiteElo "2516"]
[BlackElo "2600"]

1.e4 e6 2.d4 d5 3.Nc3 Nf6 4.e5 Nfd7 5.f4 c5 6.Nce2 cxd4 7.Nxd4 Qb6 8.Ngf3 Nc6
9.c3 Nc5 10.Qc2 Nxd4 11.Nxd4 Bd7 12.Be3 Rc8 13.Nf3 Bb5 14.b4  1-0